Effectif Juventus saison 25/26 - Statistiques

Statistiques générales
  • Ce quiz a été pris 80 fois
  • Le résultat moyen est 21 sur 27
Statistiques - réponses
Hint Réponse % Correct
BU Dusan Vlahovic
94%
BU Jonathan David
94%
G Michele Di Gregorio
93%
DC Bremer
91%
AG Kenan Yildiz
91%
MC Khéphren Thuram
90%
Coach Igor Tudor
88%
BU Lois Openda
87%
DG Andrea Cambiaso
86%
DC Federico Gatti
86%
MDC Manuel Locatelli
86%
G Mattia Perin
86%
DC Pierre Kalulu
84%
MOC Teun Koopmeiners
78%
DC Lloyd Kelly
77%
AD Francisco Conceicao
74%
MC Weston McKennie
72%
AD Edon Zhegrova
71%
G Carlo Pinsoglio
64%
BU Arkadiusz Milik
62%
DD Joao Mario
62%
DC Daniele Rugani
61%
MG Filip Kostic
61%
DG Juan Cabal
61%
MC Fabio Miretti
58%
MOC Vasilije Adzic
57%
DG Jonas Rouhi
41%
Aucun quiz correspondant
Distribution des résultats
% des personnes avec chaque résultat
Percentile par nombre de réponses
Votre historique - résultats
Vous n’avez pas pris ce quiz